000
00264nam a22001097a 4500
040
_c
FIZZA ISHAQ
082
_a
005.741
_b
JIA
100
_a
MICHELINE ,HAN JIAWEI.
_9
89530
245
_a
DATA MINING /
_c
JIAWEI HAN,MICHELINE.
260
_a
NEW YORK ;
942
_2
ddc
_c
BK
999
_c
588237
_d
588237